| 000 | 00690nam a22002177a 4500 | ||
|---|---|---|---|
| 999 |
_c13369 _d13369 |
||
| 003 | AR-CdUCM | ||
| 008 | 190415b ||||| |||| 00| 0 spa d | ||
| 020 | _a978-612-46800-4-5 | ||
| 040 |
_aMUNICIPALIDAD PROVINCIAL DEL CUSCO _cBIBLIOTECA MUNICIPAL DEL CUSCO |
||
| 082 |
_aEP / 808.06 / _bL93 |
||
| 100 |
_aLovecraft, H. P. _931712 |
||
| 245 | _aLas ratas de las paredes / | ||
| 260 |
_aLima : _bLinx editores, _c2014. |
||
| 300 |
_a45 paginas ; _c20 cm. |
||
| 440 |
_aCuentos de ultratumba. _n5 _931754 |
||
| 505 | _aContenido :Las ratas de las paredes. | ||
| 650 |
_aCuentos de terror _931714 |
||
| 650 |
_aHistorias reales _929099 |
||
| 942 |
_2ddc _cLIBROS |
||
| 945 |
_arum _d2019-04-15 |
||